| 000 | 00675nam a2200169 a 4500 | ||
|---|---|---|---|
| 001 | 000042993 | ||
| 005 | 20201002040545.0 | ||
| 008 | 140217s1969 xxu 000 0 spa d | ||
| 040 |
_aDO-SdBNP _bspa _cBNPHU |
||
| 082 |
_axxxx _bxxxx |
||
| 100 | 1 |
_aWood, Gordon S. _970505 |
|
| 245 | 1 | 0 |
_aThe creation of the american republic 1776-1787 / _cGordon S. Wood. |
| 260 |
_aVirginia : _bPublished for the Institute of Early American History and Culture at Williamsburg, _c1969. |
||
| 300 |
_axiv, 653 p. ; _c24 cm. |
||
| 504 | _aIncluye referencias bibliográficas y notas al pie de las páginas | ||
| 700 | 1 |
_aInstitute of Early American History and Culture (Williamsburg, Va.) _970506 |
|
| 999 |
_c42482 _d42482 |
||